Survey of pests and their associated natural enemies on six cantaloupe Cucumis meld L. varieties in Qaha region, Qualyobia Governorate, Egypt (Record no. 45622)
[ view plain ]
| 000 -LEADER | |
|---|---|
| fixed length control field | 02310cab a2200325Ia 45 0 |
| 001 - CONTROL NUMBER | |
| control field | u191132 |
| 003 - CONTROL NUMBER IDENTIFIER | |
| control field | SIRSI |
| 008 - FIXED-LENGTH DATA ELEMENTS--GENERAL INFORMATION | |
| fixed length control field | 110410s2010 ua ss b eng d |
| 040 ## - CATALOGING SOURCE | |
| Original cataloging agency | EAL |
| 041 ## - LANGUAGE CODE | |
| Language code of text/sound track or separate title | eng |
| Language code of summary or abstract | ara |
| 090 ## - LOCALLY ASSIGNED LC-TYPE CALL NUMBER (OCLC); LOCAL CALL NUMBER (RLIN) | |
| Classification number (OCLC) (R) ; Classification number, CALL (RLIN) (NR) | ART EJAR V88 No3 8 |
| 100 1# - MAIN ENTRY--PERSONAL NAME | |
| Personal name | Younes, M. W. F. |
| 240 10 - UNIFORM TITLE | |
| Uniform title | Egyptian journal of agricultural research, 2010 v. 88 (3) |
| Medium | [electronic resource]. |
| 245 10 - TITLE STATEMENT | |
| Title | Survey of pests and their associated natural enemies on six cantaloupe Cucumis meld L. varieties in Qaha region, Qualyobia Governorate, Egypt |
| Medium | [electronic resource]. |
| 246 15 - VARYING FORM OF TITLE | |
| Title proper/short title | حصر للافات و الاعداء الحيوية المصاحبة لها علي ستة أصناف من الكانتالوب Cucumis melo في منطقة قها بمحافظة القليوبية – مصر. |
| 300 ## - PHYSICAL DESCRIPTION | |
| Extent | P. 739-754. |
| 504 ## - BIBLIOGRAPHY, ETC. NOTE | |
| Bibliography, etc. note | Includes references. |
| 520 ## - SUMMARY, ETC. | |
| Summary, etc. | Sampling of six cantaloupe varieties namely Ideal, E81- 065, Mirella, Vicar, E81- 013 and Magenta was conducted in summer plantation during two successive growing seasons (2006 and 2007) to determine the pests and their associated natural enemies on cantaloupe in Qaha region of Qualyobia Governorate. Two sampling techniques were conducted, water traps filled with water and detergent (pit- fall traps) and direct field observations followed by laboratory examination. Two arthropod classes were recorded during the present study (Insecta and Arachnida). At the present survey, there is a complete systematic arrangement of orders, suborders, superfamilies and families. Frequency of different species, developmental stages, sites and periods of occurrence were recorded. Insecta was represented by thirty seven species belonging to twenty one families of six insect orders, Hemiptera, Lepidoptera, Orthoptera, Thysanoptera, Neuroptera and Dermaptera. |
| 546 ## - LANGUAGE NOTE | |
| Language note | Summary in Arabic. |
| 596 ## - | |
| -- | 1 |
| 650 #0 - SUBJECT ADDED ENTRY--TOPICAL TERM | |
| Topical term or geographic name entry element | Muskmelon |
| Geographic subdivision | Qualyobia (Egypt). |
| 650 #0 - SUBJECT ADDED ENTRY--TOPICAL TERM | |
| Topical term or geographic name entry element | Muskmelon |
| General subdivision | Varieties. |
| 650 #0 - SUBJECT ADDED ENTRY--TOPICAL TERM | |
| Topical term or geographic name entry element | Pests |
| General subdivision | Biological control. |
| 650 #0 - SUBJECT ADDED ENTRY--TOPICAL TERM | |
| Topical term or geographic name entry element | Insects |
| General subdivision | Host plants. |
| 700 1# - ADDED ENTRY--PERSONAL NAME | |
| Personal name | El-Sebaey, I. I. A. |
| 700 1# - ADDED ENTRY--PERSONAL NAME | |
| Personal name | Hanafy, A. R. I. |
| 700 1# - ADDED ENTRY--PERSONAL NAME | |
| Personal name | Abd–Allah, Y. N. M. |
| 773 0# - HOST ITEM ENTRY | |
| Title | Egyptian Journal of Agricultural Research. |
| Related parts | 2010.v.88(3) |
| International Standard Serial Number | 0111-2675 |
| Control subfield | nnas |
| Record control number | u158585 |
| 856 40 - ELECTRONIC LOCATION AND ACCESS | |
| Uniform Resource Identifier | <a href="http://nile.enal.sci.eg/EALE/2010/EJAR/8810/3/739.pdf">http://nile.enal.sci.eg/EALE/2010/EJAR/8810/3/739.pdf</a> |
| Public note | Full Text Article. |
| 942 ## - ADDED ENTRY ELEMENTS (KOHA) | |
| Koha item type | Articles |
| Source of classification or shelving scheme | Library of Congress Classification |
No items available.